000 00502nam a2200157 i 4500
001 84243
003 ES-MaACL
005 20230906174958.0
007 t|
008 041122s1954 sp ||||1| spa d
100 1 _aIzquierdo Rubín, j.
_965744
245 1 0 _aApuntes de los primeros pasos de la Neurocirugía en Asturias y de una época difícil de olvidar /
_cJ. Izquierdo Rubín.
260 _aOviedo :
_bIdag,
_c1954.
300 _a88 p. :
_bil. ;
_c21 cm.
852 _aES-MaACL
_j1960-F-12
_bR.35992
999 _c84243
_d84243